[Event "FIDE World Cup"]
[Site "Khanty-Mansiysk"]
[Date "2005.12.08"]
[Round "4.3"]
[White "Carlsen, Magnus"]
[Black "Bareev, Evgeny"]
[Result "0-1"]
[WhiteElo "2570"]
[BlackElo "2675"]
[Annotator "Lukacs,Peter"]
[PlyCount "92"]
[EventDate "2005.11.27"]
[EventType "k.o."]
[EventRounds "7"]
[EventCountry "RUS"]
[SourceTitle "CBM 111"]
[Source "ChessBase"]
[SourceDate "2006.04.04"]
[SourceVersion "1"]
[SourceVersionDate "2006.04.04"]
[SourceQuality "1"]

1. e4 {Lukacs,Peter} c6 2. d4 d5 3. e5 Bf5 4. Nc3 e6 5. g4 Bg6 6. Nge2 c5 7. h4 h5 8. Nf4 Bh7 9. Nxh5 cxd4 (9... Nc6) 10. Nb5 Nc6 (10... Be4 $5 11. Rh3 Nc6 12. Nxd4 Nxe5 $5 {- Antal-Flumbort, Budapest 2002 CBM 89}) ({RR} 10... Be4 11. Rh3 Nc6 12. Nxd4 Nxe5) 11. Nxd4 Nge7 (11... Nxd4 $6 {- Shirov-Yermolinsky, Wijk aan Zee 1999 CBM 89}) (11... Qc7 $6 {is rather useless now.} 12. Nxc6 Qxc6 (12... bxc6 13. f4 $16) ({RR} 12... bxc6 13. f4) 13. Bd3 Bxd3 14. cxd3 d4 15. O-O {White is not afraid of the h , because Black has problems with his development.} g6 16. Ng3 Bg7 17. Re1 {The e5  is the key of the position.} Qd5 18. Qe2 Rxh4 19. Bg5 Rh3 20. Rac1 $16 {Sax-Berg, Aahus 1993}) ({There is no need to hurry with} 11... Nxe5 12. Bf4 Nc6 13. Bb5 Rc8 14. Qe2 Qd7 (14... Nge7 $5) (14... Nf6 $6 15. Bg5 $1) ({RR} 14... Nge7) ({RR} 14... Nf6 15. Bg5) 15. Bxc6 $1 bxc6 16. Nf5 $1 $36 {with a very complicated tactical battle.} (16. Qe5 Nf6 $1 17. O-O-O (17. Nxf6+ gxf6 18. Qxf6 Rg8 $44) ({RR} 17. Nxf6+ gxf6 18. Qxf6 Rg8) 17... c5 $1 18. Nb3 c4 $13 {Schoenicz-Heinze, Germany 1998}) ({RR} 16. Qe5 Nf6 17. O-O-O c5 18. Nb3 c4)) ({RR} 11... Nxd4) ({RR} 11... Qc7 12. Nxc6 Qxc6 13. Bd3 Bxd3 14. cxd3 d4 15. O-O g6 16. Ng3 Bg7 17. Re1 Qd5 18. Qe2 Rxh4 19. Bg5 Rh3 20. Rac1) ({RR} 11... Nxe5 12. Bf4 Nc6 13. Bb5 Rc8 14. Qe2 Qd7 15. Bxc6 bxc6 16. Nf5) 12. c3 (12. Rh3 $6 a6 {- Grischuk-Bareev, Corus Wijk aan Zee 2003 CBM 93}) (12. Bb5 $6 {(½:½ Kreiman-Seirawan, USA-ch Seattle 2002)} a6 $1 {and again White cannot hold his active position.} 13. Ba4 (13. Nxc6 Nxc6) ({RR} 13. Nxc6 Nxc6) 13... b5 14. Bb3 Nxd4 15. Qxd4 Nc6 16. Qe3 Qc7 17. O-O Na5 18. Qe2 Nxb3 19. axb3 Qxc2 $17 {Svetushkin-Piankov, Ciudad de Ubeda op 2000}) (12. Bg5 Qa5+ (12... Nxe5 13. Nf6+ (13. Bb5+ Nd7 14. Qd2 (14. Qe2 a6 15. Bxd7+ Qxd7 16. O-O-O O-O-O $13) ({RR} 14. Qe2 a6 15. Bxd7+ Qxd7 16. O-O-O O-O-O) 14... a6 15. Bxd7+ Qxd7 16. Bf6 O-O-O $44) ({RR} 13. Bb5+ Nd7 14. Qd2 a6 15. Bxd7+ Qxd7 16. Bf6 O-O-O) 13... gxf6 14. Bxf6 N7c6 $5 {This is nice, but still White has some advantage after} 15. Bxd8 Nxd4 16. Bf6 Bb4+ (16... Nef3+ 17. Qxf3 Nxf3+ 18. Kd1) ({RR} 16... Nef3+ 17. Qxf3 Nxf3+ 18. Kd1) 17. c3 Nef3+ 18. Qxf3 Nxf3+ 19. Ke2 $14) ({RR} 12... Nxe5 13. Nf6+ gxf6 14. Bxf6 N7c6 15. Bxd8 Nxd4 16. Bf6 Bb4+ 17. c3 Nef3+ 18. Qxf3 Nxf3+ 19. Ke2) 13. c3 Nxd4 (13... Nxe5 $2 {founders on the typical blow} 14. Nf6+ $1 gxf6 15. Bxf6 N5g6 (15... N7g6 16. h5 $16) ({RR} 15... N7g6 16. h5) 16. h5 $16) ({RR} 13... Nxe5 14. Nf6+ gxf6 15. Bxf6 N5g6 16. h5) 14. Qxd4 Nc6 15. Qf4 Qb6 {- Fedorov-Dreev, Moscow Aeroflot op 2003 CBM 94} (15... d4 $6 {This is not a very successful novelty.} 16. Rh3 $1 $16 {Bringing the  into action on the third rank, Fedorov-Belov, Istanbul 2003 CBM 096.}) ({RR} 15... d4 16. Rh3)) ({RR} 12. Rh3 a6) ({RR} 12. Bb5 a6 13. Ba4 b5 14. Bb3 Nxd4 15. Qxd4 Nc6 16. Qe3 Qc7 17. O-O Na5 18. Qe2 Nxb3 19. axb3 Qxc2) ({RR} 12. Bg5 Qa5+ 13. c3 Nxd4 14. Qxd4 Nc6 15. Qf4 Qb6) 12... Nxe5 (12... a6 13. Bg2 $1 {- Shomoev-Galkin, RUS-ch Krasnodar 2002 CBM 91}) ({RR} 12... a6) 13. Bb5+ (13. Bg5 Nd7 ({RR} 13... N5c6 14. Bb5 ({RR} 14. Bf6 Rg8 15. Qa4 ({RR} 15. Nxc6 bxc6) 15... Qb6 16. O-O-O O-O-O) ({RR} 14. Qa4 Qb6 15. O-O-O O-O-O 16. Nxc6 bxc6 17. Nxg7 Bxg7 18. Bxe7 Rd7) {RR} 14... Qc8 ({RR} 14... Qb6 15. Qe2 ({RR} 15. O-O e5) ({RR} 15. Be3 Qc7) 15... a6 16. Bxe7 axb5 ({RR} 16... Bxe7 17. Nxg7+ Kf8 18. Ngxe6+ fxe6 19. Bxc6 bxc6 20. Qe5) 17. Bf6 Be4 18. f3 gxf6 19. fxe4 Nxd4 20. cxd4) 15. Bxe7 ({RR} 15. O-O a6 ({RR} 15... f6) 16. Ba4) ({RR} 15. Qe2) 15... Bxe7 16. Nxg7+ Kf8 17. Nh5 Bg6) 14. Bg2 (14. Bb5 a6 {- 13.b5}) 14... Nc5 ({RR} 14... Qb6 15. Qe2 O-O-O 16. Nxg7 ({RR} 16. O-O {RR} e5 17. Nb3 Kb8 18. Rad1 f6 19. Be3 Qc6 20. c4) 16... Bxg7 17. Bxe7 Rde8 18. Bg5 Bxd4 19. cxd4 e5 20. Rc1+ Kb8 21. dxe5 f6 22. Bf4 Nxe5 23. O-O Ka8) 15. O-O Qd7 $5 (15... Ne4 $2 16. c4 $1 Nxg5 17. hxg5 Qd7 18. cxd5 Nxd5 (18... exd5 19. Rc1 $16 {Carlsen-Schandorff, Aalborg 2006}) 19. Bxd5 $1 exd5 ({RR} 19... Qxd5 20. Qa4+ Qd7 21. Nb5 Bd3 22. Nc7+ Ke7 ({RR} 22... Kd8 23. Nxe6+) 23. Qb4+ Kd8 24. Qxb7 Rc8 25. Rfd1) ({RR} 19... Rd8 20. Nxe6 fxe6 21. Bc4) 20. Re1+ Kd8 21. Nf3 $1 Qxg4+ 22. Ng3 $40 {and the black  in the middle disturbs the harmony.}) ({RR} 15... Qd7 16. Nb3 ({RR} 16. Be3 O-O-O) ({RR} 16. Bf6 Rg8) 16... Ne4 17. Be3 Bg6 18. c4) ({RR} 15... Qb6 16. b4 ({RR} 16. Nb3 O-O-O 17. Nxc5 ({RR} 17. Be3 Nc6) 17... Qxc5) ({RR} 16. Be3 Qxb2) 16... Ne4 17. Be3 O-O-O 18. Qa4 a6 19. b5)) ({RR} 13. Bg5 Nd7 14. Bg2 Nc5 15. O-O Ne4 16. c4 ({RR} 16. Bh6 Rg8 ({RR} 16... Qd6 17. Nb5 ({RR} 17. Nxg7+ Bxg7 18. Bxg7 Rg8 19. Bh6 O-O-O) 17... Qd7 18. c4 O-O-O 19. Be3) ({RR} 16... Qd7 17. Nxg7+ ({RR} 17. Bxg7) 17... Bxg7 18. Bxg7 Rg8 19. Be5 Ng6 20. Bg3 Nxg3 ({RR} 20... O-O-O 21. h5) 21. fxg3 Ne5 22. g5) ({RR} 16... Qb6 17. Nxg7+ Bxg7 18. Bxg7 Rg8 19. Be5 O-O-O 20. Qb3)) 16... Nxg5 17. hxg5 Qd7 18. cxd5 exd5 ({RR} 18... Nxd5 19. Bxd5 exd5 20. Re1+ Kd8 21. Nf3 Qxg4+ 22. Ng3) 19. Rc1 Bg6 20. Re1 Bxh5 21. gxh5 Kd8 22. g6 Nc6 23. gxf7 Be7 24. Ne6+ Kc8 25. Bxd5 {1-0 (25) Carlsen,M (2625)-Schandorff,L (2521) Aalborg 2006 CBM 112 [Lukacs,Peter]}) 13... Nd7 (13... N7c6 $6 14. Bf4 $16 {and the pin is very nasty.}) (13... N5c6 14. Bg5 Qc8 $1 (14... Qb6 15. Qe2 (15. O-O e5 $17) (15. Be3 Qc7 $13) 15... a6 16. Bxe7 axb5 $1 (16... Bxe7 17. Nxg7+ Kf8 18. Ngxe6+ fxe6 19. Bxc6 bxc6 20. Qe5 $16) 17. Bf6 $5 Be4 18. f3 gxf6 19. fxe4 Nxd4 20. cxd4 $40) 15. Bxe7 $142 (15. O-O a6 (15... f6 $5 {deserves serious attention, because the sacrifices do not seem to be correct.}) 16. Ba4 {- Grischuk-Seirawan, Moscow 2002 CBM 090}) (15. Qe2 $5 { 0-0-0 is another aggressive plan in these type of positions.}) 15... Bxe7 16. Nxg7+ Kf8 17. Nh5 Bg6 $13) ({RR} 13... N7c6 14. Bf4) 14. Bg5 (14. Bh6 {is parried by the cold-blooded} Rg8) ({RR} 14. Bh6 Rg8) 14... a6 15. Bxd7+ $146 {This helps only for Black to finish the development.} (15. Ba4 $5 {was the logical move keeping the tension.} e5 (15... b5 16. Bc2) ({RR} 15... b5 16. Bc2) 16. Nf5 Bxf5 17. gxf5 b5 18. Bb3 f6 19. Be3 $36) ({RR} 15. Ba4 e5 16. Nf5 Bxf5 17. gxf5 b5 18. Bc2 f6 19. Be3 e4 20. Bf4 Nb6 21. Qg4 Rh7 22. O-O-O Qc8 23. Ng3 g6 24. Bxe4 b4 25. Rhe1 bxc3 26. Bxd5 Nbxd5 27. Qxg6+ Rf7 28. Rxd5 Qb7 29. b3 Qxd5 {Zolotukhin,V (2242)-Bets,A (2360) Alushta 2005 0-1 (38)}) ({RR} 15. Ba4 e5 16. Nf5 Bxf5 17. gxf5 b5 18. Bb3 f6 19. Be3) ({RR} 15. Ba4 Qb6 16. Bxd7+ Kxd7 17. Qa4+ Nc6 18. O-O-O Rc8 19. Rhe1 Qa5 20. Qb3 Nxd4 21. Rxd4 Qb5 22. Be3 Qxb3 23. axb3 Bg6 24. Nf4 Be4 25. Nh5 Bc5 26. Rd2 Bxe3 27. fxe3 Ke7 28. Rh2 Bf3 29. Rg1 Rcg8 {Fier,A (2582)-Shankland,S (2581) Riga 2012 0-1 (55)}) 15... Qxd7 16. Qe2 O-O-O $15 {If Black can finish the development, his chances are better, because White's position is rather shattered.} 17. Rh3 Bg6 (17... e5 $5 18. Qxe5 (18. Nb3 Ng6) 18... f6 {Now White gets three pawns for the piece.} 19. Nxf6 (19. Bxf6 Ng6 $1 (19... Qxg4 20. Rg3) 20. Qe2 (20. Qg5 gxf6 21. Nxf6 Bh6 22. Qxh6 Qe7+ 23. Re3 Qxf6 24. Nf5 d4 $1 25. cxd4 Rxd4 $13) 20... gxf6 21. Nxf6 Qf7 22. g5 Bg7 23. Ne6 Bxf6 24. Rf3 Rhe8 25. Rxf6 Qg8) 19... gxf6 20. Qxf6 (20. Bxf6 Rg8 $17) 20... Re8 21. O-O-O Ng6 $13) 18. Nf4 (18. O-O-O $140 Bxh5 19. gxh5 e5 $1) 18... e5 $1 19. Nxg6 (19. Bxe7 Bxe7 20. Nxg6 fxg6 21. Qxe5 Bf6 22. Qg3 Bxh4 $1 $17) (19. Qxe5 f6 $17) 19... Nxg6 20. Bxd8 $2 {Now Black can get the upper hand.} (20. Nf5 f6 21. Be3 Ne7 22. Nxe7+ Bxe7 23. O-O-O Qa4 24. Kb1 Qc4 $15) 20... Kxd8 $2 ({missing the forceful} 20... Qxd8 $1 21. Qd3 (21. Nf5 $2 Nf4 22. Qf3 (22. Qxe5 $2 Nxh3 23. O-O-O Nxf2 24. Rxd5 Nd3+) 22... Nxh3 23. Qxh3 g6 $17) (21. Qc2 $2 exd4 22. O-O-O Qd7 $19) 21... exd4 22. O-O-O Bd6 $17 {and the two pieces are better than the , × f4 is weak.}) 21. Nf5 Nf4 $2 {This is a tactical miscalculation, first Black had to improve his 's position.} (21... Kc8 $142 22. Rg3 Qc7 23. O-O-O Nf4 24. Qc2 g6 25. Ne3 d4 $1 $132) 22. Qxe5 $1 Nxh3 23. O-O-O {The  is trapped on h3.} Kc8 24. Qg3 {The white pieces look harmonious again.} g6 (24... Qa4 25. Qxh3 Qxa2 26. Qf3 Qa1+ 27. Kc2 Qa4+ 28. Kb1 Qe4+ 29. Qxe4 dxe4 30. h5 $16 {with a better  for White.}) 25. Ne3 Nxf2 26. Nxd5 $1 $16 (26. Qxf2 Bc5) 26... Bc5 {Black has to sacrifice his .} 27. Nb6+ Bxb6 28. Rxd7 Kxd7 29. Qf3 Kc8 $2 {The f7  was more important than the b7 one.} (29... Ke6 30. Qxb7 Be3+ 31. Kc2 Rxh4 32. Qxa6+ Ke5 33. Qb5+ Kf4 34. Qc4+ Kg3 35. Qxf7 g5 36. b4 Rh1 37. c4 $16 {but here Black has some counterchances in the  race.}) 30. Qxf7 $18 Rd8 31. Kc2 Kb8 32. Qxg6 Be3 33. g5 Rd2+ 34. Kb3 Nd1 {Black's only chance is to harrass the white .} 35. a4 b5 36. axb5 axb5 37. Kb4 Rxb2+ 38. Ka5 Nxc3 39. Qe8+ Kc7 40. Qe5+ Kb7 41. Qg7+ Kb8 42. g6 Bf4 {There is one square difference between loss and win...} {Probably this was already in time-trouble...} 43. Qf8+ $4 {[%mdl 8192] This is the wrong choice, now the white  gets into trouble.} (43. Qf7 Bc7+ 44. Ka6 {and everything is well-protected.} Ra2+ 45. Qxa2 Nxa2 46. g7 $18 {was winning easily!}) 43... Kb7 44. Qf7+ Bc7+ 45. Qxc7+ Kxc7 46. h5 Rg2 0-1

[Event "FIDE World Cup 9-10"]
[Site "Khanty-Mansiysk"]
[Date "2005.12.15"]
[Round "7.1"]
[White "Carlsen, Magnus"]
[Black "Kamsky, Gata"]
[Result "1-0"]
[WhiteElo "2570"]
[BlackElo "2690"]
[Annotator "Atlas,Valeri"]
[PlyCount "95"]
[EventDate "2005.11.27"]
[EventType "k.o."]
[EventRounds "7"]
[EventCountry "RUS"]
[SourceTitle "CBM 111"]
[Source "ChessBase"]
[SourceDate "2006.04.04"]
[SourceVersion "1"]
[SourceVersionDate "2006.04.04"]
[SourceQuality "1"]

1. e4 {ChessBase II} c5 2. Nf3 e6 3. d4 cxd4 4. Nxd4 a6 5. Nc3 Qc7 6. Bd3 b5 7. O-O Bb7 8. Qe2 Ne7 ({RR} 8... Bc5 9. Nb3 Be7 10. Bd2 Nc6 11. f4 b4 12. Na4 Nf6 13. e5 Nd5 14. Rae1 g6 15. Kh1 Na5 16. Nd4 Nc6 17. Nf3 O-O 18. Bc4 Na7 19. Qf2 f5 20. exf6 Nxf6 21. Bd3 Bc6 22. b3 Bxa4 23. bxa4 {Nataf,I (2527)-Wahls,M (2580) Germany 2002 EXT 2003 [ChessBase II] ½-½ (46)}) 9. Re1 $146 {A new and a very strong move.} ({RR} 9. Kh1 d6 10. Bd2 g6 11. e5 Nd5 12. f4 dxe5 13. fxe5 Nd7 14. Rae1 Nxc3 15. Bxc3 Nc5 16. Nxb5 axb5 17. Bxb5+ Bc6 18. Qf3 Ra6 19. Ba5 Qd7 20. Bxc6 Rxc6 21. Rd1 Bd6 22. Rxd6 {1-0 (22) Milman,L (2459)-Simutowe,A (2435) ICC INT 2005}) ({RR} 9. f4 Nbc6 10. Nf3 Ng6 11. g3 Bc5+ 12. Be3 Qb6 13. Bxc5 Qxc5+ 14. Qf2 Qxf2+ 15. Rxf2 d6 16. a3 Rc8 17. Re1 e5 18. f5 Nge7 19. f6 gxf6 20. Nh4 f5 21. exf5 Nd4 22. Ne4 Bxe4 23. Bxe4 f6 {Juhasz,B (2203)-Wang,Y (2276) Budapest HUN 2024 ½-½ (60)}) ({RR} 9. Bxb5 axb5 10. Ncxb5 Qb6 11. Be3 Ng6 12. Nxe6 Qxe6 13. Nc7+ Kd8 14. Nxe6+ fxe6 15. f4 Nc6 16. Rfd1 Be7 17. a3 Ke8 18. b4 Bf6 19. e5 Be7 20. Qd2 Nb8 21. g3 Kf7 22. Rf1 Rc8 23. Bd4 Kg8 {Vipul,S (2235)-Anurag,M (2420) Dharamshala 2014 1-0}) 9... Nbc6 10. Nxc6 Nxc6 (10... dxc6 {was more prudent here. The text move yields White a dangerous initiative.}) 11. Nd5 $1 exd5 12. exd5+ Ne7 13. c4 $1 b4 (13... bxc4 14. Bxc4 Qd6 {is strongly met by} 15. g3 {f4.}) 14. Bg5 f6 15. Qh5+ g6 16. Qf3 fxg5 17. Qf6 O-O-O 18. Qxh8 ({It is much stonger than} 18. d6 Ng8 $1 19. Qxh8 Bxd6 {, and Black has excellent attacking prospects.}) 18... Qd6 19. Be4 Kb8 20. Rac1 Qf4 21. g3 Qf7 22. Qd4 d6 23. Qb6 Rd7 24. Qxb4 Nf5 25. Bxf5 gxf5 26. Re6 f4 27. Rce1 Rd8 28. Qb6 Rc8 29. b4 fxg3 30. hxg3 h5 31. b5 Qc7 32. Qxc7+ Kxc7 33. a4 axb5 34. axb5 Kb6 35. Re8 (35. Rf6 $1 {was another tempting continuation here.}) 35... Bg7 36. R8e6 Rd8 $2 ({The final mistake. More stubborn was} 36... Bf8 {or 36...c4. After the text move White has a nice winning continuation.}) {[%tqu "En","Prove that you are a really strong endgame player and find the winning move for White!","Exploit an unfortunate placement of the black bishops on the seventh rank.","The pawn move shall break Black's defense...","c4c5","This elegant pawn move shatters Black's last illusions.",4]} 37. c5+ $1 {[%csl Rb7,Ge6,Rg7] This nice pawn move decides the game.} Kxc5 (37... Ka7 {falls short after} 38. c6 {, winning immediately}) 38. Re7 Bd4 (38... Bc3 {is strongly met by} 39. Rc7+ Kb6 40. Rxc3 Bxd5 41. Rd1 Ba8 42. Ra3 Bb7 ({or} 42... Kxb5 43. Rda1 {followed by 44.a5+}) 43. Re3 {, and Black' position is defenseless.}) 39. Rxb7 Rf8 40. Rc7+ Kxd5 41. Rd1 $1 {Now the game is over.} Rb8 42. Rg7 g4 43. Rg5+ Kc4 44. Rxh5 Bc5 45. Rg5 Rxb5 46. Rxg4+ Kc3 47. Kg2 Ba3 48. Rgd4 1-0

[Event "FIDE World Cup 9-10"]
[Site "Khanty-Mansiysk"]
[Date "2005.12.16"]
[Round "7.2"]
[White "Kamsky, Gata"]
[Black "Carlsen, Magnus"]
[Result "1-0"]
[WhiteElo "2690"]
[BlackElo "2570"]
[Annotator "Rogozenco,Dorian"]
[PlyCount "61"]
[EventDate "2005.11.27"]
[EventType "k.o."]
[EventRounds "7"]
[EventCountry "RUS"]
[SourceTitle "CBM 111"]
[Source "ChessBase"]
[SourceDate "2006.04.04"]
[SourceVersion "1"]
[SourceVersionDate "2006.04.04"]
[SourceQuality "1"]

1. e4 c5 2. Nf3 Nc6 3. d4 cxd4 4. Nxd4 Nf6 5. Nc3 e5 6. Ndb5 d6 7. Bg5 a6 8. Na3 b5 9. Nd5 Be7 10. Bxf6 Bxf6 11. c3 Bg5 12. Nc2 Ne7 13. Ncb4 O-O 14. a4 bxa4 15. Qxa4 a5 $6 ({The main continuation is} 15... Nxd5 16. Nxd5 Bd7 {after which White is slightly better. One of the latest examples:} (16... Be6 17. Bc4 Qb8 18. O-O Rc8 19. Bxa6 Bxd5 20. exd5 Rc7 21. Qb5 $16 {0-1 Krakops,M (2440)-Shariyazdanov,A (2470)/Siofok 1996 (42)}) 17. Qd1 (17. Qa2) (17. Qa3) (17. Qc2) (17. Qa5) 17... a5 18. Be2 a4 19. O-O Rb8 20. Nb4 Qb6 21. Bd3 $1 Ra8 22. Bc2 Bb5 23. Re1 a3 24. Rxa3 Rxa3 25. bxa3 Bh4 26. g3 Bd8 27. Qd5 Ba6 28. Rd1 $16 {1-0 Baramidze,D (2554)-Brener,I (2323)/Osterburg 2006 (48)}) 16. Bb5 $1 Nxd5 17. Nxd5 $1 ({Shariyazdanov and Lisenko recommended} 17. exd5 {with the idea c6, evaluation the position as clear better for White. But Black can always sacrifice the pawn on a5 and achieve good compensation:} f5 (17... Qf6 $5 18. O-O Qg6 $13) 18. Nc6 Qf6 (18... Qb6 $5) (18... Qe8 $5) 19. O-O (19. b4 f4 $36) (19. Nxa5 f4 20. f3 (20. O-O f3 $40) 20... Bh4+ $44) 19... f4 20. f3 Bf5 $5 21. Nxa5 Qg6 $44 {[%cal Gg5d8,Gd8b6]}) 17... Be6 18. Bc6 Rb8 19. Ra2 Qc8 $146 ({RR} 19... f5 20. h4 Bf6 21. exf5 Bxf5 22. Qc4 Kh8 23. b4 axb4 24. cxb4 e4 25. g3 Be6 26. O-O e3 27. b5 exf2+ 28. Raxf2 Bh3 29. Rd1 Be5 30. Nf4 Qc8 31. Kh2 Be6 32. Qe4 Bf5 33. Qa4 g5 34. hxg5 {Timofeev,A (2663)-Yakovich,Y (2577) Moscow 2007 1-0 (47)}) 20. O-O Bd8 21. b4 $1 {White's pieces are perfectly placed for the advance of the b-pawn, while Black didn't even start any counterplay yet.} Kh8 (21... f5 $2 22. exf5 Bxf5 23. bxa5 $18 Bxa5 24. Ne7+) 22. Rd2 (22. bxa5 $2 Bxa5 $1) 22... Qa6 $2 ({Good or bad, Black had to go for} 22... f5) 23. b5 Qa7 24. Qa3 $16 {Now Böack's position is very difficult.} Bxd5 {No wonder that Carlsen starts to miss simple tactics. The position is extremely unpleasant.} (24... Qc5 $8 $16) 25. Qxd6 $1 Be7 26. Qxd5 Rfd8 27. Qa2 Rxd2 28. Qxd2 a4 29. Qa2 a3 (29... Kg8 30. Rd1 Rd8 31. Bd5 $18 {[%cal Gd1d3,Gd3f3]}) 30. Qxf7 Rf8 31. b6 $1 1-0

[Event "FIDE World Cup 9-10"]
[Site "Khanty-Mansiysk"]
[Date "2005.12.17"]
[Round "7.4"]
[White "Carlsen, Magnus"]
[Black "Kamsky, Gata"]
[Result "0-1"]
[WhiteElo "2570"]
[BlackElo "2690"]
[PlyCount "106"]
[EventDate "2005.11.27"]
[EventType "k.o."]
[EventRounds "7"]
[EventCountry "RUS"]
[SourceTitle "CBM 111"]
[Source "ChessBase"]
[SourceDate "2006.04.04"]
[SourceVersion "1"]
[SourceVersionDate "2006.04.04"]
[SourceQuality "1"]

1. e4 c5 2. Nf3 e6 3. d4 cxd4 4. Nxd4 a6 5. Nc3 Qc7 6. Bd3 Nf6 7. O-O Nc6 8. Be3 b5 9. Nxc6 Qxc6 10. f3 Bc5 11. Qe1 d6 12. Kh1 Bxe3 ({RR} 12... Bb7 13. a4 b4 14. Nd5 Bxe3 15. Nxe3 Qc5 16. a5 Bc6 17. Nc4 Nd7 18. Qg3 Ke7 19. f4 Bb5 20. Ne3 h5 21. f5 Qe5 22. Qh4+ Qf6 23. Qh3 Qg5 24. fxe6 fxe6 25. Bc4 Nc5 26. Bxe6 Bxf1 27. Nd5+ {Vroombout,E (2161)-Fantinel,T (2411) Reykjavik ISL 2025 1-0 (53)}) 13. Qxe3 O-O 14. Rfd1 Bb7 15. Qd4 $146 ({RR} 15. Rd2 Rfd8 16. Rad1 e5 17. Ne2 Bc8 18. Ng3 Qc7 19. c3 Be6 20. Bb1 Rd7 21. Qg5 Rad8 22. Nh5 Nxh5 23. Qxh5 Qc5 24. Qh4 g6 25. Qf6 Qe3 26. Rd3 Qh6 27. Kg1 Bc4 28. R3d2 Qe3+ 29. Kh1 Be2 {Ozerov,I (1939)-Pilat,D (2109) Kelbra 2006 0-1 (60)}) 15... Qc5 16. Qxc5 dxc5 17. a4 b4 18. Nb1 Nd7 19. Nd2 Ne5 20. Be2 a5 21. Kg1 g5 22. Kf2 Ba6 23. g3 Rfd8 24. f4 gxf4 25. gxf4 Ng6 26. Bxa6 Rxa6 27. Nc4 Rxd1 28. Rxd1 Nxf4 29. Rd8+ Kg7 30. Rc8 f5 31. Kf3 Nh3 32. exf5 exf5 33. Rxc5 Ng5+ 34. Ke3 f4+ 35. Ke2 Re6+ 36. Re5 Rc6 37. b3 Kf6 38. Rxa5 Re6+ 39. Kf2 f3 40. Ne3 Re4 41. Ra6+ Ke5 42. Rh6 Rd4 43. Nc4+ Kf5 44. h4 Nf7 45. Rb6 Rxh4 46. Rxb4 Rh3 47. a5 Ng5 48. a6 Ne4+ 49. Ke3 f2+ 50. Ke2 Rc3 51. Nd2 Rxc2 52. Rd4 Nxd2 53. Rd5+ Ke6 0-1